| 000 | 00959nam a2200373Ia 4500 | ||
|---|---|---|---|
| 001 | UByD000982 | ||
| 003 | AR-LpoUNG | ||
| 005 | 20220921174848.0 | ||
| 008 | 220916s1956||||ag |||||||||||||| ||spa|| | ||
| 040 |
_aAR-LpoUNG _bspa _cAR-LpoUNG _eaacr |
||
| 041 | 0 | _aspa | |
| 082 | 0 | _a982.06 649fat | |
| 100 | 1 | _aPinedo, Federico | |
| 245 | 1 | 3 | _aEl fatal estatismo |
| 250 | _a2da. ed. | ||
| 260 |
_aBuenos Aires : _bGuillermo Kraft, _c1952. |
||
| 300 | _a190 p. | ||
| 650 | 4 | _aARGENTINA | |
| 650 | 4 | _aHISTORIA | |
| 650 | 4 | _aPARTIDOS POLITICOS | |
| 650 | 4 | _aASPECTOS POLITICOS | |
| 650 | 4 | _aANALISIS HISTORICO | |
| 650 | 4 | _aESTADO | |
| 650 | 4 | _aPARTICIPACION DEL ESTADO | |
| 650 | 4 | _aINTERVENCION DEL ESTADO | |
| 650 | 4 | _aLIBERALISMO | |
| 650 | 4 | _aDEMOCRACIA | |
| 650 | 4 | _aPARTIDOS POLITICOS | |
| 650 | 4 | _aIDEOLOGIAS POLITICAS | |
| 650 | 4 | _aPARTICIPACION POLITICA | |
| 650 | 4 | _aPODER POLITICO | |
| 905 | _aCJPM903 | ||
| 942 |
_cLIB _2ddc |
||
| 999 |
_c62715 _d62715 |
||